| 000 | 01491nam0a2200349 4500 | ||
|---|---|---|---|
| 001 | RU\NLR\bibl\1016067 | ||
| 005 | 20260607044448.0 | ||
| 010 |
_a5-358-01204-4 _93000 |
||
| 021 |
_aRU _b2006-66045 _93310 |
||
| 035 | _a(NLR Aleph) 001003638 | ||
| 090 |
_a594349 _c594349 |
||
| 100 | _a20061204d2006 |||y0rusy50 ca | ||
| 101 | 0 | _arus | |
| 102 | _aRU | ||
| 105 | _ag ||||||||| | ||
| 200 | 1 |
_aНестандартные уроки и творческие занятия _eучебно-методическое пособие _fН.Б. Троицкая |
|
| 205 | _a3-е изд., стер. | ||
| 210 |
_aМосква _cДрофа _d2006 |
||
| 215 |
_a139, [1] с. _cнот. _d22 |
||
| 225 | 1 | _aБиблиотека учителя начальной школы | |
| 300 | _aНа обл. загл. сер.: Библиотека учителя. Начальная школа | ||
| 300 | _aНа обороте тит. л. авт.: засл. учитель России | ||
| 320 | _aБиблиогр.: с. 126 | ||
| 606 | 1 |
_aУроки в начальной школе _jУчебно-методические пособия _xМетодика _91847387 _3RU\NLR\auth\661128232 |
|
| 686 | _aЧ421.2,01я7 | ||
| 686 | _aЧ421.260.11я7 | ||
| 700 | 1 |
_4070 _7ca _8rus _aТроицкая _bН. Б. _cпедагог _gНаталья Борисовна _96840 _3RU\NLR\auth\7723787 |
|
| 801 | 0 |
_aRU _bNLR _c20061204 _grcr |
|
| 801 | 1 |
_aRU _bNLR _c20061204 |
|
| 942 | _cBOOK | ||
| 980 | _aNB | ||